000 00814nam a2200253Ia 4500
003 OSt
005 20221005083824.0
006 a|||||r|||| 00| 0
007 ta
008 221004b |||||||| |||| 00| 0 urd d
020 _a9788188406029 (hbk)
_cINR 400.00
024 _a68114
037 _b2405, 29/02/2020, M.R.Publications
_cTextual
040 _aCRL
_cCRL
_burd
041 _2urd
_aurd
082 _aDelta73.2, 168P8
100 _aIshaque Mohammad Au.
_9605963
245 0 _aAhde wusta ke shamali Hind mein ghair muqallidana sufi tareeqe
260 _aNew Delhi
_bWise publications India
_c2008
300 _a320p.
_ccm.
650 _aMYSTICISM
942 _hDelta73.2, 168P8
_cTEXL
_2cc
999 _c991610
_d991610